Statistiken für Behrümtesten Schweizer

Klicken Sie hier um das Quiz zu spielen!

Allgemein

  • Dieses Quiz wurde 35 mal gespielt
  • Das Durchschnittsergebnis liegt bei 3 aus 9

Antwortstatistiken

Antwort% Korrekt
Heidi
100%
Roger Federer
94%
Lara Gut-Behrami
56%
Henry Dunant
19%
Jean-Jacques Rousseau
19%
Albert Anker
9%
Max Frisch
9%
Auguste Piccard
3%
Emil Frey
3%

Verteilung der Resultate

Perzentil nach korrekt beantworteten Fragen

Anzahl Personen mit jedem Resultat

Ihre Resultats-Entwicklung

Sie haben dieses Quiz noch nicht gespielt